LIBRARY & INFORMATION CENTRE, KCAET, TAVANUR

ONLINE PUBLIC ACCESS CATALOGUE (OPAC)

Night of the Iguana / (Record no. 7836)

MARC details
000 -LEADER
fixed length control field 00386cam a2200157ua 4500
041 ## - LANGUAGE CODE
Language code of text/sound track or separate title eng
082 ## - DEWEY DECIMAL CLASSIFICATION NUMBER
Classification number 822
Item number WIL/NI
100 ## - MAIN ENTRY--AUTHOR NAME
Personal name Williams, Tennessee .
245 ## - TITLE STATEMENT
Title Night of the Iguana /
250 ## - EDITION STATEMENT
Edition statement 1 /
260 ## - PUBLICATION, DISTRIBUTION, ETC. (IMPRINT)
Place of publication London :
Name of publisher Secker & Warburg ,
Year of publication 1963.
300 ## - PHYSICAL DESCRIPTION
Number of Pages 107 ; .
942 ## - ADDED ENTRY ELEMENTS (KOHA)
Koha item type Books
Holdings
Withdrawn status Lost status Damaged status Home library Current library Date acquired Cost, normal purchase price Full call number Accession Number Koha item type Public note
Withdrawn     KAUAET Malayalam University 07/04/2012 18.00 822 6780 Books Transferred to Malayalam University
free website counter